<?xml version="1.0" encoding="UTF-8"?>
<record
    xmlns:xsi="http://www.w3.org/2001/XMLSchema-instance"
    xsi:schemaLocation="http://www.loc.gov/MARC21/slim http://www.loc.gov/standards/marcxml/schema/MARC21slim.xsd"
    xmlns="http://www.loc.gov/MARC21/slim">

  <leader>00245nam a2200085   4500</leader>
  <controlfield tag="001">1240393</controlfield>
  <controlfield tag="005">20251009085547.0</controlfield>
  <datafield tag="245" ind1=" " ind2=" ">
    <subfield code="a">B&#x130;L&#x130;M&#x130;N &#xD6;NC&#xDC;LER&#x130; - 6 OSMANLI'DA ASTRONOM&#x130;N&#x130;N KURUCUSU AL&#x130; KU&#x15E;&#xC7;U</subfield>
    <subfield code="c">AY&#x15E;ENUR G&#xD6;NEN</subfield>
  </datafield>
  <datafield tag="260" ind1=" " ind2=" ">
    <subfield code="b">ERDEM &#xC7;OCUK</subfield>
  </datafield>
  <datafield tag="999" ind1=" " ind2=" ">
    <subfield code="c">1240393</subfield>
    <subfield code="d">1240393</subfield>
  </datafield>
  <datafield tag="952" ind1=" " ind2=" ">
    <subfield code="0">0</subfield>
    <subfield code="1">0</subfield>
    <subfield code="2">ddc</subfield>
    <subfield code="4">0</subfield>
    <subfield code="7">0</subfield>
    <subfield code="a">1058</subfield>
    <subfield code="b">1058</subfield>
    <subfield code="d">2025-10-09</subfield>
    <subfield code="l">0</subfield>
    <subfield code="o">15</subfield>
    <subfield code="p">105810304</subfield>
    <subfield code="r">2025-10-09 08:56:14</subfield>
    <subfield code="w">2025-10-09</subfield>
    <subfield code="y">BK</subfield>
  </datafield>
</record>
